• 首页
  • 本馆介绍
  • 公告通知
  • 最新文献
  • 馆藏检索
  • 电子资源
  • 读者导购
  • 参考咨询
  • 我的图书馆
  • 登录
  • 详细信息显示
  • 放入我的书架
  • 预约/预借图书
  • 作者相关作品
  • 分类相关作品
  • 丛书相关作品
  • 出版社相关作品

书目信息

  • 表格格式
  • 工作单格式
  • 卡片格式
题名:
什么是“民主社会主义”
    
 
作者: 费多谢耶夫 编写 ;石健 译
分册:  
出版信息: 北京   中国社会科学出版社  1984
页数: 238页
开本: 19cm
丛书名:
单 册:
中图分类: D08
科图分类:
主题词: 政治理论
电子资源:
ISBN:
000 00724nam0 2200241 45
001 0184010714
005 20050603081327.1
010    @dCNY0.72
091    @a3190.038
100    @a19950424d1984 em y0chiy0121 ea
101 1  @achi@crus
102    @aCN@b110000
105    @ay z 000yy
200 10 @a什么是“民主社会主义”@AShi Mo Shi“Min Zhu She Hui Zhu Yi”@f(苏)П·Н·费多谢耶夫等编写@F(Su)П·Н·Fei Duo Xie Ye Fu Deng Bian Xie@g石健等译
210    @a北京@c中国社会科学出版社@d1984
215    @a238页@d19cm
606 0  @a政治理论
690    @aD08@v3
701  0 @a费多谢耶夫@4编写
702  0 @a石健@Ashi jian@4译
801  0 @aCN@b上海图书馆@c20040429
801  2 @aCN@bNLC@c20040429
905    @dD08@e3@f1@b117592
    
    什么是“民主社会主义”/(苏)П·Н·费多谢耶夫等编写/石健等译.-北京:中国社会科学出版社,1984
    238页;19cm
    
    
    ISBN :CNY0.72
    
●
相关链接 在E读中查询图书 在五车中查询图书 在当当中查询图书 在豆瓣中查询图书


正题名:什么是"民主社会主义"     索取号:D08/3         预约/预借

序号 登录号 条形码 馆藏地/架位号 状态 备注
1 0117590   001020040   第一借阅区/ [索取号:D08/3] 在馆    
2 0117592   001020022   第一样本阅览室/ [索取号:D08/3] 在馆    
唐山师范学院图书馆 欢迎您!
大连网信软件有限公司© 版权所有